| 000 | 02005nam a2200529 c 4500 | ||
|---|---|---|---|
| 001 | 59778 | ||
| 003 | CO-BoRNBP | ||
| 005 | 20251105155557.0 | ||
| 007 | ta | ||
| 008 | 180815s20162018sp a e 000 0 spa | ||
| 020 | _a9788498019711 | ||
| 040 |
_aCO-BoRNBP _bspa _erda _cCO-BoRNBP |
||
| 041 | _aspa | ||
| 082 | 0 | 4 |
_a539 _bC42c |
| 100 |
_aClegg, Brian _d1955- _eaut _966599 |
||
| 245 | 1 | 0 |
_a50 temas fascinantes de la física cuántica : _bque invitan a reflexionar / _cBrian Clegg ; colaboradores Philip Ball [y otros seis] ; ilustraciones Ivan Hissey ; traducción Alfonso Rodríguez Arias. |
| 246 | 0 | _aCincuenta temas fascinantes de la física cuántica : que invitan a reflexionar | |
| 250 |
_aPrimera edición _bPrimera reimpresión |
||
| 264 | 1 |
_aBarcelona, España : _bBlume, _c2018 |
|
| 300 |
_a160 páginas : _bilustraciones a color |
||
| 336 |
_atexto _btxt _2rdacontent |
||
| 337 |
_asin mediación _bn _2rdamedia |
||
| 338 |
_avolumen _bnc _2rdacarrier |
||
| 490 | 0 | _aGuía breve | |
| 500 | _aIncluye índice al final del texto | ||
| 504 | _aIncluye referencias bibliográficas | ||
| 521 | _aRecomendado para un público adulto | ||
| 545 | _aIncluye datos biográficos de los autores al final del texto | ||
| 650 | 0 | 7 |
_aFísica cuántica _2lemb _927125 |
| 650 | 0 | 7 |
_aNiveles energéticos (mecanica cuántica) _2lemb _966600 |
| 650 | 0 | 7 |
_aOndas _2lemb _98860 |
| 650 | 0 | 7 |
_aTeoría cuántica _2lemb _965758 |
| 700 |
_aAnn May, Andrew _ectb _966601 |
||
| 700 |
_aBall, Philip _966602 |
||
| 700 |
_aBall, Philip _ectb _966602 |
||
| 700 |
_aClifford, Leon _ectb _966603 |
||
| 700 |
_aClifford, Leon _ectb _966603 |
||
| 700 |
_aHebden, Sophie _ectb _966604 |
||
| 700 |
_aHebden, Sophie _ectb _966604 |
||
| 700 |
_aHellemans, Alexander _ectb _966605 |
||
| 700 |
_aHissey, Ivan _eill _966606 |
||
| 700 |
_aHolgate, Sharon _ectb _966607 |
||
| 700 |
_aRodríguez Arias, Alfonso _etrl _965345 |
||
| 700 | 1 |
_aClose, Frank _ectb _966608 |
|
| 700 | 1 |
_aClose, Frank _ectb _966608 |
|
| 942 |
_2ddc _cBK |
||
| 999 |
_c59778 _d59778 |
||